[Event "Rhein Main op-A 15th"]
[Site "Bad Homburg"]
[Date "2012.06.09"]
[Round "6"]
[White "Schlemminger, Degenhard"]
[Black "Paulsen, Alexej"]
[Result "1/2-1/2"]
[WhiteElo "1742"]
[BlackElo "1586"]
[PlyCount "114"]
[EventDate "2012.06.06"]
[EventType "swiss"]
[EventRounds "7"]
[EventCountry "GER"]
[SourceTitle "EXT 2013"]
[Source "ChessBase"]
[SourceDate "2012.11.22"]
[SourceVersion "1"]
[SourceVersionDate "2012.11.22"]
[SourceQuality "1"]

1. e4 c5 2. Nf3 Nc6 3. d4 cxd4 4. Nxd4 Nf6 5. Nc3 a6 6. Be2 g6 7. 0-0 Bg7 8. Nxc6 bxc6 9. Qd2 0-0 10. Rd1 Bb7 11. f3 Qc7 12. b3 Rfd8 13. Bb2 d6 14. Na4 c5 15. c4 Bc6 16. Nc3 Rab8 17. Nd5 Bxd5 18. exd5 Rb7 19. Rf1 Rdb8 20. Bc3 Ra8 21. Qd3 a5 22. Rae1 a4 23. Bd1 axb3 24. axb3 Ra2 25. Bc2 Rba7 26. Ra1 Rxa1 27. Rxa1 Rxa1+ 28. Bxa1 Qa5 29. Bc3 Qa3 30. Qd2 Qa7 31. h4 h5 32. Qd1 Qa6 33. Qe1 Kf8 34. Kh2 Qa2 35. Qb1 Qxb1 36. Bxb1 Ke8 37. Kh3 Kd7 38. g4 Kc7 39. Kg3 Kd7 40. Kf4 hxg4 41. fxg4 Nxd5+ 42. cxd5 Bxc3 43. h5 Bd2+ 44. Ke4 gxh5 45. gxh5 e6 46. Kd3 Bh6 47. Kc4 Ke7 48. Be4 f5 49. Bd3 Kf6 50. dxe6 Kxe6 51. b4 cxb4 52. Kxb4 Ke5 53. Kc4 d5+ 54. Kc5 Bf8+ 55. Kc6 f4 56. Bf1 Ke4 57. Bg2+ f3 1/2-1/2

[Event "Pfalz op 03rd"]
[Site "Neustadt an der Weinstrasse"]
[Date "2012.02.20"]
[Round "2"]
[White "Schlemminger, Degenhard"]
[Black "Lieder, Christian"]
[Result "0-1"]
[WhiteElo "1785"]
[BlackElo "2060"]
[PlyCount "112"]
[EventDate "2012.02.17"]
[EventType "swiss"]
[EventRounds "9"]
[EventCountry "GER"]
[SourceTitle "EXT 2013"]
[Source "ChessBase"]
[SourceDate "2012.11.22"]
[SourceVersion "1"]
[SourceVersionDate "2012.11.22"]
[SourceQuality "1"]

1. e4 Nc6 2. Nf3 Nf6 3. Nc3 d5 4. exd5 Nxd5 5. Bb5 Nxc3 6. Bxc6+ bxc6 7. dxc3 Qxd1+ 8. Kxd1 Bg4 9. Ke2 c5 10. Bf4 Rc8 11. h3 Bf5 12. Rac1 f6 13. Rhe1 e5 14. Be3 Be4 15. Rg1 Bd5 16. b3 Be7 17. c4 Be6 18. Nd2 Kd7 19. Nb1 c6 20. Nc3 f5 21. Na4 Bf7 22. Bxc5 Bxc5 23. Nxc5+ Ke7 24. Rgd1 Rc7 25. Rd2 Rd8 26. Rcd1 Rxd2+ 27. Rxd2 a5 28. a4 h5 29. Nd3 e4 30. Nc5 h4 31. f3 Bh5 32. Ke3 exf3 33. gxf3 g5 34. Kf2 Bf7 35. Rd1 Kf6 36. Rd7 Rc8 37. Ra7 Rd8 38. Nd3 Rh8 39. Rxa5 g4 40. fxg4 fxg4 41. Nf4 gxh3 42. Nxh3 Bh5 43. Rc5 Bg4 44. Rxc6+ Ke5 45. Kg2 Bc8 46. Rc5+ Kd4 47. Rd5+ Kc3 48. Rd3+ Kxc2 49. Re3 Kd2 50. Re5 Rg8+ 51. Rg5 Bxh3+ 52. Kxh3 Rxg5 53. Kxh4 Ra5 54. Kg4 Kc3 55. Kf4 Kxb3 56. Ke4 Kxc4 0-1

[Event "Pfalz op 03rd"]
[Site "Neustadt an der Weinstrasse"]
[Date "2012.02.17"]
[Round "1"]
[White "Walter, Kevin"]
[Black "Schlemminger, Degenhard"]
[Result "1-0"]
[WhiteElo "1820"]
[BlackElo "1785"]
[PlyCount "43"]
[EventDate "2012.02.17"]
[EventType "swiss"]
[EventRounds "9"]
[EventCountry "GER"]
[SourceTitle "EXT 2013"]
[Source "ChessBase"]
[SourceDate "2012.11.22"]
[SourceVersion "1"]
[SourceVersionDate "2012.11.22"]
[SourceQuality "1"]

1. e4 d5 2. exd5 Qxd5 3. Nc3 Qa5 4. d4 e6 5. Nf3 Nf6 6. Bd3 Nc6 7. Bd2 Bb4 8. a3 Bxc3 9. bxc3 Qd5 10. 0-0 b6 11. Qe2 Bb7 12. c4 Qd7 13. d5 Ne7 14. Ne5 Qc8 15. Rfe1 0-0 16. Bg5 Re8 17. Bxf6 gxf6 18. Qh5 Ng6 19. Nxf7 Kg7 20. Qh6+ Kxf7 21. Qxh7+ Kf8 22. Bxg6 1-0

[Event "Rhein Main op-B 14th"]
[Site "Bad Homburg"]
[Date "2011.06.25"]
[Round "5"]
[White "Schlemminger, Degenhard"]
[Black "Scherler, Hans Rudolf"]
[Result "1-0"]
[WhiteElo "1827"]
[BlackElo "1605"]
[PlyCount "133"]
[EventDate "2011.06.22"]
[EventType "swiss"]
[EventRounds "7"]
[EventCountry "GER"]
[SourceTitle "EXT 2012"]
[Source "ChessBase"]
[SourceDate "2011.11.24"]
[SourceVersion "1"]
[SourceVersionDate "2011.11.24"]
[SourceQuality "1"]

1. d4 d5 2. Nf3 Nf6 3. Bf4 e6 4. e3 c5 5. Bxb8 Rxb8 6. c3 a6 7. Be2 cxd4 8. exd4 Bd6 9. Ne5 0-0 10. 0-0 Qb6 11. Qb3 Qc7 12. f4 Ne4 13. Qc2 f6 14. Nd3 b5 15. a3 Qe7 16. Nd2 f5 17. Ne5 Bxe5 18. fxe5 Bd7 19. Nf3 Kh8 20. Bd3 g5 21. g3 Be8 22. Kg2 Bh5 23. Qc1 Bxf3+ 24. Rxf3 g4 25. Rf4 Ng5 26. Rf1 Qg7 27. Rh1 Nh3 28. Rf1 Rb7 29. a4 bxa4 30. Rxa4 Rfb8 31. b4 Rb6 32. Rxa6 Rxa6 33. Bxa6 Ng5 34. Bd3 Qh6 35. Kh1 Qh5 36. Rf2 Nh3 37. Rf1 Ra8 38. Qc2 Qh6 39. Qe2 Ng5 40. b5 Qf8 41. Qb2 Nf3 42. h4 Kg7 43. Be2 Qa3 44. Qxa3 Rxa3 45. Bxf3 gxf3 46. Rxf3 Rb3 47. Kg2 Rxb5 48. Kf2 Rb3 49. Ke2 Ra3 50. Kd3 h5 51. Rf2 Ra1 52. Rb2 Rg1 53. Rb7+ Kg6 54. Re7 Rxg3+ 55. Kd2 f4 56. Rxe6+ Kf5 57. Rf6+ Ke4 58. e6 Rg2+ 59. Kc1 Kd3 60. e7 Re2 61. Rxf4 Rxe7 62. Rf3+ Kc4 63. Kd2 Re4 64. Rf7 Rxh4 65. Rc7+ Kb3 66. Rb7+ Kc4 67. Rb4# 1-0

[Event "Hessen-ch Seniors op 05th"]
[Site "Bad Sooden-Allendorf"]
[Date "2009.04.28"]
[Round "4"]
[White "Schlemminger, Degenhard"]
[Black "Goertz, Hans Georg"]
[Result "1/2-1/2"]
[WhiteElo "1648"]
[BlackElo "1806"]
[PlyCount "80"]
[EventDate "2009.04.25"]
[EventType "swiss"]
[EventRounds "9"]
[EventCountry "GER"]
[SourceTitle "EXT 2022"]
[Source "ChessBase"]
[SourceDate "2021.10.06"]
[SourceVersion "1"]
[SourceVersionDate "2021.10.06"]
[SourceQuality "1"]

1. e4 c5 2. Nf3 Nc6 3. Nc3 e6 4. d4 cxd4 5. Nxd4 a6 6. Be3 d5 7. exd5 exd5 8. Be2 Bb4 9. 0-0 Nf6 10. a3 Be7 11. Nf3 0-0 12. Bg5 Be6 13. Re1 h6 14. Bh4 Rc8 15. Nd4 Nxd4 16. Qxd4 Re8 17. Rac1 Qa5 18. Qa4 Qc5 19. Red1 Red8 20. Qd4 Qc7 21. Bg3 Bd6 22. Bxd6 Rxd6 23. h3 Qb6 24. Qb4 Qxb4 25. axb4 Bf5 26. Bd3 Bxd3 27. Rxd3 Rc4 28. Na2 Nh5 29. g3 f5 30. c3 f4 31. g4 Nf6 32. f3 Re6 33. Kf2 Rc8 34. Re1 Rce8 35. Rxe6 Rxe6 36. Nc1 g5 37. Ne2 Rb6 38. Nd4 Kh7 39. b3 Rd6 40. Nf5 Rd7 1/2-1/2

[Event "Bad Wildungen Seniors op 3rd"]
[Site "Bad Wildungen"]
[Date "2006.08.04"]
[Round "5"]
[White "Van Houten, Henk"]
[Black "Schlemminger, Degenhard"]
[Result "1-0"]
[WhiteElo "1649"]
[BlackElo "1698"]
[PlyCount "52"]
[EventDate "2006.07.31"]
[EventType "swiss"]
[EventRounds "9"]
[EventCountry "GER"]
[SourceTitle "EXT 2007"]
[Source "ChessBase"]
[SourceDate "2006.11.23"]
[SourceVersion "1"]
[SourceVersionDate "2006.11.23"]
[SourceQuality "1"]

1. e4 d5 2. exd5 Qxd5 3. Qf3 Nf6 4. c4 Qxf3 5. Nxf3 c5 6. Nc3 a6 7. Nd5 Nxd5 8. cxd5 e6 9. dxe6 Bxe6 10. b3 Be7 11. Bb2 0-0 12. Be2 Nd7 13. 0-0 Rfe8 14. Rfe1 Bd5 15. Rac1 Rac8 16. d3 Bf6 17. Bxf6 Nxf6 18. Nd2 b6 19. Nc4 Rc6 20. Ne3 Be6 21. d4 a5 22. Bb5 Rd6 23. dxc5 bxc5 24. Bxe8 Nxe8 25. Rxc5 a4 26. bxa4 Bxa2 1-0

[Event "Wuerttemberg-ch Seniors 18th"]
[Site "Freudenstadt"]
[Date "2006.05.11"]
[Round "8"]
[White "Jaeger, Hans"]
[Black "Schlemminger, Degenhard"]
[Result "1/2-1/2"]
[WhiteElo "1831"]
[BlackElo "1684"]
[PlyCount "118"]
[EventDate "2006.05.04"]
[EventType "swiss"]
[EventRounds "9"]
[EventCountry "GER"]
[SourceTitle "EXT 2007"]
[Source "ChessBase"]
[SourceDate "2006.11.23"]
[SourceVersion "1"]
[SourceVersionDate "2006.11.23"]
[SourceQuality "1"]

1. e4 e5 2. Nf3 Nc6 3. d4 exd4 4. Nxd4 Qf6 5. Be3 Bb4+ 6. c3 Ba5 7. Nd2 Bb6 8. N2f3 Nxd4 9. Bxd4 Bxd4 10. cxd4 Qe7 11. Bd3 Qb4+ 12. Qd2 Qxd2+ 13. Kxd2 Ne7 14. Rac1 c6 15. Rhe1 0-0 16. e5 Nd5 17. Ng5 g6 18. Bc4 Nf4 19. Ne4 Kg7 20. g3 Ne6 21. Ke3 b5 22. Bb3 a5 23. f4 a4 24. Bd1 Nc7 25. Nf6 Ne8 26. Ne4 f6 27. Bf3 f5 28. Nc5 Ra7 29. Kf2 Nc7 30. e6 dxe6 31. Bxc6 Rd8 32. Rcd1 Rd6 33. Bf3 Kf6 34. a3 Na6 35. Nxa6 Bxa6 36. Re5 Rad7 37. Rde1 Bb7 38. Rxb5 Bxf3 39. Kxf3 Rxd4 40. Re2 Rd3+ 41. Kf2 h5 42. Rb6 R7d6 43. Rxd6 Rxd6 44. Ke1 Rb6 45. Kd1 g5 46. Kc1 gxf4 47. gxf4 Rb3 48. Rc2 Rb6 49. Rc4 Ra6 50. Rc5 h4 51. Kc2 Kg6 52. h3 Kf6 53. Rc8 Kg7 54. Rb8 Rc6+ 55. Kd2 Ra6 56. Kc3 Rc6+ 57. Kd2 Rd6+ 58. Ke3 Rd1 59. Rb7+ Kg6 1/2-1/2

[Event "Wuerttemberg-ch Seniors 18th"]
[Site "Freudenstadt"]
[Date "2006.05.04"]
[Round "1"]
[White "Schlemminger, Degenhard"]
[Black "Feiguelman, Boris"]
[Result "1/2-1/2"]
[WhiteElo "1684"]
[BlackElo "1914"]
[PlyCount "87"]
[EventDate "2006.05.04"]
[EventType "swiss"]
[EventRounds "9"]
[EventCountry "GER"]
[SourceTitle "EXT 2007"]
[Source "ChessBase"]
[SourceDate "2006.11.23"]
[SourceVersion "1"]
[SourceVersionDate "2006.11.23"]
[SourceQuality "1"]

1. d4 d5 2. Bf4 Nf6 3. Nf3 g6 4. e3 Bg7 5. Be2 0-0 6. Nbd2 c6 7. h3 Bf5 8. Nh4 Be6 9. 0-0 Ne4 10. Nhf3 Nd6 11. b3 b5 12. Ng5 Bc8 13. c4 bxc4 14. bxc4 f6 15. Ngf3 Nf7 16. cxd5 cxd5 17. Qb3 e5 18. Bh2 Be6 19. Rab1 Nd7 20. Rfc1 Bf5 21. Rb2 Rb8 22. Qa3 Rxb2 23. Qxb2 Qa5 24. Nb3 Qb6 25. Qc3 Rb8 26. Qc6 Bf8 27. g4 Qxc6 28. Rxc6 Bb1 29. Ra6 Rb7 30. Nfd2 Bc2 31. Rc6 Bxb3 32. Nxb3 Bd6 33. Kg2 Kf8 34. h4 Ke7 35. f3 h6 36. Bg3 g5 37. Bd3 Nd8 38. Rc2 Rc7 39. hxg5 hxg5 40. dxe5 Rxc2+ 41. Bxc2 fxe5 42. Kf2 Nf6 43. Ke2 Nc6 44. Be1 1/2-1/2